Statistics for Red Animals - Picture Quiz

Click here to take the quiz!

General Stats

  • This quiz has been taken 45 times
  • The average score is 8 of 16

Answer Stats

Answer% Correct
Ladybird
100%
Red {Squirrel}
98%
Red {Panda}
95%
Fox
93%
Red {Kangaroo}
90%
Red {Cardinal}
79%
Sockeye {Salmon}
60%
Scarlet {Ibis}
48%
False {Coral} Snake
45%
{Betta} Fish
38%
Red {Admiral} Butterfly
31%
{Christmas} Island Red Crab
21%
{Tomato} Frog
14%
{Cinnabar} Moth
12%
{Red Velvet} Mite
2%
Blood Red {Glider} butterfly
0%

Score Distribution

Percentile by Number Answered

Percent of People with Each Score

Your Score History

You have not taken this quiz